| 000 | 01986nam a2200265Ia 4500 | ||
|---|---|---|---|
| 008 | 260220t1987||||xx |||||||||||||| ||spa|| | ||
| 040 |
_aPY-SlUNAC _bspa _erda |
||
| 041 | _aspa | ||
| 082 |
_a330.91 _bG165e |
||
| 100 |
_aGarcía, Rigoberto _eAutor |
||
| 245 | 0 |
_aEconomía y geografía del desarrollo en América Latina / _cpor Rigoberto García [Autor]; F. Cordero [Autor] y A. Izquierdo [Autor] |
|
| 264 |
_aCiudad de México : _bFondo de Cultura Económica, _c℗1987. |
||
| 300 | _a1 volumen | ||
| 520 | _aEn "Economía y geografía del desarrollo en América Latina", Rigoberto García analiza las interacciones entre factores económicos y geográficos que influyen en el desarrollo de la región. El autor sostiene que la geografía no solo condiciona las actividades económicas, sino que también determina las desigualdades en el desarrollo de los países latinoamericanos. A través de un enfoque multidisciplinario, el libro examina cómo la ubicación geográfica, los recursos naturales y las infraestructuras afectan la distribución de la riqueza y el bienestar social. García argumenta que el desarrollo económico debe ser entendido en el contexto de las particularidades geográficas, lo que implica que las políticas de desarrollo deben considerar las características locales para ser efectivas. Además, el autor destaca la importancia de la cooperación regional y la integración económica como estrategias para superar los desafíos del subdesarrollo. Este texto se convierte en una herramienta esencial para comprender las dinámicas del desarrollo en América Latina, ofreciendo una perspectiva crítica y fundamentada. | ||
| 653 | _aDesarrollo sostenible | ||
| 653 | _aEconomía | ||
| 653 | _aGeografía | ||
| 700 |
_aCordero, F. _eAutor |
||
| 700 |
_aIzquierdo, A. _eAutor |
||
| 942 |
_b2026/02/17 _cBK |
||
| 999 |
_c7049 _d7049 |
||